ایشیا میں آخری نو آبادیات / (Record no. 108735)

MARC details
000 -LEADER
fixed length control field 00852nam a22002537a 4500
005 - DATE AND TIME OF LATEST TRANSACTION
control field 20170123162344.0
010 ## - LIBRARY OF CONGRESS CONTROL NUMBER
LC control number 397914
020 ## - INTERNATIONAL STANDARD BOOK NUMBER
Terms of availability 5.00
035 ## - SYSTEM CONTROL NUMBER
System control number 397914
037 ## - SOURCE OF ACQUISITION
Source of stock number/acquisition Cen Lib/Ret
040 ## - CATALOGING SOURCE
Original cataloging agency DPL
Language of cataloging UR
082 ## - DEWEY DECIMAL CLASSIFICATION NUMBER
Classification number 950
Item number ا س ر
100 ## - MAIN ENTRY--PERSONAL NAME
Personal name اسرار احمد آزاد
9 (RLIN) 376
245 ## - TITLE STATEMENT
Title ایشیا میں آخری نو آبادیات /
Statement of responsibility, etc اسرار احمد آزاد
246 ## - VARYING FORM OF TITLE
Title proper/short title Asia mein no abadiat /
Remainder of title by Israr Ahmad Azad
260 ## - PUBLICATION, DISTRIBUTION, ETC. (IMPRINT)
Place of publication, distribution, etc دہلی
Name of publisher, distributor, etc مکتبہ برہان
Date of publication, distribution, etc 1965
270 ## - ADDRESS
City دہلی
Address اردو بازار جامہ مسجد
Postal code 110006
300 ## - PHYSICAL DESCRIPTION
Extent 382p.
Dimensions 17cm(Hb)
650 ## - SUBJECT ADDED ENTRY--TOPICAL TERM
Topical term or geographic name as entry element تاریخ - ایشیا
9 (RLIN) 400
650 ## - SUBJECT ADDED ENTRY--TOPICAL TERM
Topical term or geographic name as entry element الاستعمار - ایشیا
9 (RLIN) 410
650 ## - SUBJECT ADDED ENTRY--TOPICAL TERM
Topical term or geographic name as entry element History -- Asia
9 (RLIN) 129771
650 ## - SUBJECT ADDED ENTRY--TOPICAL TERM
Topical term or geographic name as entry element Colonisation -- Asia
9 (RLIN) 129772
942 ## - ADDED ENTRY ELEMENTS (KOHA)
Source of classification or shelving scheme Dewey Decimal Classification
Classification part 950
Koha item type Urdu Bks
Call number suffix ا س ر
Holdings
Withdrawn status Lost status Damaged status Not for loan Home library Current library Date acquired Source of acquisition Cost, normal purchase price Total Checkouts Full call number Barcode Date last seen Copy number Cost, replacement price Price effective from Koha item type
        Central Library Central Library 03/02/2016 Cen Lib/Ret 5.00   950 ا س ر 397914 03/02/2016 1 5.00 03/02/2016 Urdu Bks

© Delhi Public Library
Hit Counter
free hit counter